Daně v roce jedna.
Ciele koncepcie daňovej reformy v bývalej ČSFR. Účinky novej daňovej sústavy. Význam dane z pridanej hodnoty a spotrebnej dane pre naplnenie príjmov štátneho rozpočtu. Vplyv dane z pridanej hodnoty na rast cenovej hladiny. Problém daňových únikov v oblasti daní z príjmu a spotrebných daní. Riešenie...
Guardado en:
| Autor principal: | |
|---|---|
| Formato: | Capítulo de libro |
| Lenguaje: | checo |
| Materias: | |
| Etiquetas: |
Sin Etiquetas, Sea el primero en etiquetar este registro!
|
MARC
| LEADER | 00000naa a2200000 4500 | ||
|---|---|---|---|
| 001 | r012532 | ||
| 005 | 20220826094632.2 | ||
| 041 | 0 | |a cze | |
| 044 | |a CZ | ||
| 245 | 1 | 0 | |a Daně v roce jedna. |c J. Klak |
| 520 | |a Ciele koncepcie daňovej reformy v bývalej ČSFR. Účinky novej daňovej sústavy. Význam dane z pridanej hodnoty a spotrebnej dane pre naplnenie príjmov štátneho rozpočtu. Vplyv dane z pridanej hodnoty na rast cenovej hladiny. Problém daňových únikov v oblasti daní z príjmu a spotrebných daní. Riešenie otázky majetkových priznaní. | ||
| 610 | 2 | 0 | |a dane |
| 610 | 2 | 0 | |a Čechy |
| 610 | 2 | 0 | |a 1993 |
| 610 | 2 | 0 | |a sústava daňová |
| 610 | 2 | 0 | |a dane z hodnoty pridanej |
| 610 | 2 | 0 | |a dane spotrebné |
| 610 | 2 | 0 | |a dane z príjmov |
| 610 | 2 | 0 | |a ceny |
| 610 | 2 | 0 | |a hladina cenová |
| 610 | 2 | 0 | |a únik daňový |
| 610 | 2 | 0 | |a priznania daňové |
| 100 | 1 | |a Klak, J. | |